00811nam a2200193Ia 450000500170000000800410001702000150005805000200007310000350009324501150012825000180024326000440026130000290030550001490033465000240048365000270050770000360053470000470057020231102150857.0120626s2005 mx 000 0 spa d a9702406560 aP91.3bC36 2005 aCantú Ortiz, Ludivinaeautor aComunicación oral y escritac / Ludivina Cantú Ortiz, Julieta Flores Michel, Ma. del Carmen Roque Segovia. a2a. edición aMéxicob: CECSAbUANLbPatriac, 2005 axvi, 206 páginasb: il aPublicada en diferentes reimpresiones 10a. Reimpresión 2008 (ej.1) 12a.Reimpresión 2009 (ej.2) Ej.3 es de 2007 (no aparece la reimpresión) aCOMUNICACIÓN ORAL aCOMUNICACIÓN ESCRITA aFlores Michel, Julietaecoautor aRoque Segovia, María del Carmenecoautor